Central Library OPAC University of Rajshahi

EFFECT OF CUSTARD APPLE (ANNONA SQUAMOSA L. ) EXTRACT ON THE MORTALITY OF THE RED-FLOUR BEETLE, TRIBOLIUM CASTANEUM HBST. / (Record no. 80834)

MARC details
000 -LEADER
fixed length control field 01001nam a2200241 a 4500
001 - CONTROL NUMBER
RUCL Control Number 80834
003 - CONTROL NUMBER IDENTIFIER
rucl marc code BD-RjUL
005 - DATE AND TIME OF LATEST TRANSACTION
control field 20230605115218.0
008 - FIXED-LENGTH DATA ELEMENTS--GENERAL INFORMATION
fixed length control field 221123s1992 bg a|||| m||| 00| 0 eng d
035 ## - SYSTEM CONTROL NUMBER
system control number (BD-RjUL)80834
040 ## - CATALOGING SOURCE
Original cataloging agency BD-RjUL
Language of cataloging eng
Transcribing agency BD-RjUL
Modifying agency BD-RjUL
041 ## - LANGUAGE CODE
Language code of Book eng
082 ## - DEWEY DECIMAL CLASSIFICATION NUMBER
DDC Edition number 23
Classification number 595.76
Author mark and Year SUE 1992
100 ## - MAIN ENTRY--PERSONAL NAME
Personal name Sultana, Mst. Shajia
9 (RLIN) 5990
245 10 - TITLE STATEMENT
Title EFFECT OF CUSTARD APPLE (ANNONA SQUAMOSA L. ) EXTRACT ON THE MORTALITY OF THE RED-FLOUR BEETLE, TRIBOLIUM CASTANEUM HBST. /
Statement of responsibility, etc By Mst. Shajia Sultana ;
Name of Supervisor/Co-Supervisor Supervision : M. Khalequzzaman
260 ## - PUBLICATION, DISTRIBUTION, ETC. (IMPRINT)
Place of publication, distribution, etc Rajshahi :
Name of publisher, distributor, etc Institute of Biological Sciences, University of Rajshahi,
Date of publication, distribution, etc 1992
300 ## - PHYSICAL DESCRIPTION
Pagination [5], v, [1], 155 leaves :
Other physical details ill.;
Dimensions 29 cm.
502 ## - DISSERTATION NOTE
Dissertation note Thesis(M.Phil.)-- Institute of Biological Sciences, University of Rajshahi,1992
504 ## - BIBLIOGRAPHY, ETC. NOTE
Bibliography, etc Literature Cited : Leaves 81-88
650 ## - SUBJECT ADDED ENTRY--TOPICAL TERM
Topical term or geographic name as entry element Agricultural Entomology
General subdivision Red-Flour Beetle
Form subdivision Custard Apple
9 (RLIN) 5991
700 ## - ADDED ENTRY--SUPERVISOR/CO-SUPERVISOR NAME
Personal name Khalequzzaman, M. Supervision
9 (RLIN) 5992
942 ## - ADDED ENTRY ELEMENTS (KOHA)
Source of classification or shelving scheme Dewey Decimal Classification
Koha item type Theses
Holdings
Source of classification or shelving scheme Damaged status Not for loan Collection code Permanent Location Current Location Shelving location Date of accession Source of acquisition Total Checkouts Full call number Barcode Date last seen Copy number Thesis
Dewey Decimal Classification   Not For Loan Theses Central Library, University of Rajshahi Central Library, University of Rajshahi Documentation Section 07/08/1994 Controller of Exam. R.U.   THE 595.76 SUE 1992 D1743 23/11/2022 C-1 Theses